000 00387nam a2200145Ia 4500
003 OSt
005 20260127102803.0
008 211028s2017 xx 000 0 und d
040 _cAIMIT LIBRARY
041 _aeng
100 _aPrathima, p s; Pereria, Divya.
_g1516106
_97681
245 _aStudy on employee retention at campco Puttur /
260 _aMangalore
_c2017
942 _2ddc
_cPRO
999 _c219249
_d219249